Správy a informácie Kysucké múzeum

Bibliographic Details
New Title:Zborník Kysuckého múzea v Čadci
Other Authors: Maráky, Peter, 1950- (Compiler)
Format: Serial
Language:Slovak
PhysicalDescription:7 zv. il., mapy 21 cm
Published: Čadca Kysucké múzeum 1977-[1987]
Subjects:

MARC

LEADER 00000cas a2200000 a 4500
001 vtls008882327
003 SK-MaSNL
005 20260228162242.0
008 201028d19771987xo ar r 0 0 b0slo|
015 |a SNBA1979 (r. 1977)  |a SNBA1979 (r. 1978)  |a SNBA1981 (r. 1979)  |a SNBA1984/03 (r. 1981/1982) 
035 |a (SVKBB03)vtls000110884 
040 |a SVKBB  |b slo  |c SVKBB  |d SNK  |e AACR2 
041 0 |a slo  |b rus  |b eng 
043 |a e-xo--- 
044 |a xo  |c SK 
072 7 |a 9  |x Geografia. Biografické štúdie. Dejiny  |2 konspekt 
072 7 |a 069  |x Múzeá. Muzeológia. Múzejníctvo. Výstavy  |2 konspekt 
080 |a 069  |2 2011 
080 |a 908  |2 2011 
080 |a (437.6)  |2 2011 
080 |a 070.431(051)  |2 2011 
080 |a (048.8)  |2 2011 
245 0 0 |a Správy a informácie  |b Kysucké múzeum 
246 1 |i Názov v tiráži:  |a Kysucké múzeum  |b správy a informácie 
260 |a Čadca  |b Kysucké múzeum  |c 1977-[1987] 
300 |a 7 zv.  |b il., mapy  |c 21 cm 
310 |a 1x ročne 
362 0 |a 1 (1977)-5-6 (1981/82) ; [7 (1987)] 
500 |a Podnázov v tiráži: 1977, spravodaj Kysuckého múzea v Čadci ; 1978, vlastivedný spravodaj Kysuckého múzea v Čadci ; 1979-1982, vlastivedný spravodajca Kysuckého múzea v Čadci 
500 |a Zodp. red. a zost.: 1977-1982, Peter Maráky 
500 |a Časopis písaný strojopisom 
504 |a Bibliografia ; bibliografické odkazy ; poznámky ; registre 
546 |a Resumé v ruštine a v angličtine 
610 2 |a Kysucké múzeum  |2 SNKKA  |9 33042 
650 0 7 |a vlastiveda  |2 SNKPH  |9 3887 
650 0 7 |a History and geography  |2 SNKPHeng  |9 265657 
650 0 7 |a Museums  |2 SNKPHeng  |9 265072 
650 0 7 |a múzeá  |2 SNKPH  |9 4119 
651 7 |a Kysuce (Slovensko : región)  |2 SNKPHgeo  |9 165903 
651 7 |a Kysuce (Slovakia : region)  |2 SNKPHeng  |9 116624 
655 7 |a spravodajské časopisy  |2 SNKPH  |9 70527 
655 7 |a News magazines  |2 SNKPHeng  |9 270652 
655 7 |a štúdie  |2 SNKPH  |9 57033 
655 7 |a Studies  |2 SNKPHeng  |9 265573 
700 1 |a Maráky, Peter,  |d 1950-  |4 lso  |4 com  |9 104566 
785 0 0 |t Zborník Kysuckého múzea v Čadci  |w vtls008963980 
910 |a snmk 
910 |a snk 
916 |a 1977-1981/82 
999 |c 7295  |d 9225 
952 |0 0  |1 0  |3 rekatalogizácia  |4 0  |7 0  |a SNK  |b SNK  |d 2008-07-31  |i snkKSP 1399/82  |l 0  |o snkČSD 1063/1980 D1  |p 17A0594897  |r 2026-02-21 20:21:54  |w 2026-02-21  |y PREZ 
952 |0 0  |1 0  |4 0  |7 0  |a SNK  |b SNK  |d 2008-07-31  |f 1  |i snkKSP 1597/84  |l 0  |o snkČSD 1063/5-6/1981-1982  |p 17A0594885  |r 2026-02-21 20:28:42  |w 2026-02-21  |y PREZ 
952 |0 0  |1 0  |4 0  |7 0  |a SNK  |b SNK  |d 1998-01-09  |f 1  |i snkKSP 3385/79  |l 0  |o snkČSD 1063/1/1977  |p 17A0117295  |r 2004-12-31 00:00:00  |w 2026-02-21  |y PREZ  |z Vydané v r. 1978 
952 |0 0  |1 0  |4 0  |7 0  |a SNK  |b SNK  |d 1998-01-09  |l 0  |o snkČSD 1063/2/1978 D1  |p 17A0114828  |r 2004-12-31 00:00:00  |w 2026-02-21  |y PREZ 
952 |0 0  |1 0  |4 0  |7 0  |a SNK  |b SNK  |d 2000-01-10  |l 0  |o snkČSD 1063/1981/82 D1  |p 17A0223323  |r 2004-12-31 00:00:00  |w 2026-02-21  |y PREZ 
952 |0 0  |1 0  |4 0  |7 0  |a SNK  |b SNK  |d 2008-10-14  |i snkKSP 3386/79  |l 0  |o snkČSD 1063/1/1977 D1  |p 17A0597055  |r 2026-02-21 20:49:53  |w 2026-02-21  |y PREZ 
952 |0 0  |1 0  |4 0  |7 0  |a SNK  |b SNK  |d 2008-10-14  |i snkKSP 3386/79  |l 0  |o snkČSD 1063/1/1977/príl. D1  |p 17A0597145  |r 2026-02-21 20:49:53  |w 2026-02-21  |y PREZ 
952 |0 0  |1 0  |4 0  |7 0  |a SNK  |b SNK  |d 2020-05-11  |f 1  |i snkKSP 3385/79  |l 0  |o snkČSD 1063/1/1977/príl.  |p 17A1387621  |r 2026-02-21 21:53:11  |t 3 mapy  |w 2026-02-21  |y PREZ  |z Urbanisticko-architektonická štúdia expozície ľudovej architektúry a bývania Kysúc-Vychylovka (prevádzkovo-technické vzťahy) ; Architektonicko-historický výskum kaštieľa v Kysuckom Novom meste-Radoli, slohová analýza (pôdorys prízemia) ; Mlyn a píla z Klubiny (pôdorys, pohľady, rezy) 
952 |0 0  |1 0  |4 0  |7 0  |a SNK  |b SNK  |d 2020-05-11  |f 1  |i snkKSP 3387/79  |l 0  |o snkČSD 1063/2/1978  |p 17A0821674  |r 2026-02-21 21:53:11  |w 2026-02-21  |y PREZ  |z Vydané v r. 1978 
952 |0 0  |1 0  |4 0  |7 0  |a SNK  |b SNK  |d 2020-05-11  |f 1  |i snkKSP 2163/81  |l 0  |o snkČSD 1063/3/1979  |p 17A0821675  |r 2026-02-21 21:53:11  |w 2026-02-21  |y PREZ  |z Vydané v r. 1979 
952 |0 0  |1 0  |4 0  |7 0  |a SNK  |b SNK  |d 2020-05-11  |f 1  |i snkKSP 1398/82  |l 0  |o snkČSD 1063/4/1980  |p 17A0821676  |r 2026-02-21 21:53:11  |w 2026-02-21  |y PREZ  |z Obsahuje príl.: Mapa osídľovania Kysúc ; Architektonicko-urbanistická štúdia skupiny IV. Múzea kysuckej dediny ; ""Kopaničiarske osídlenie horných Kysúc"" (I. variant návrhu) ; vydané v r. 1980